Musical Afterthoughts on Shmeruk's "Mayufes"
| Titel: | Musical Afterthoughts on Shmeruk's "Mayufes" / Bret Werb |
|---|---|
| Verfasser: | |
| In: |
Polin, Band 32 (2020), Seite 63-82 alle Artikel anzeigen |
| Veröffentlicht: | 2020 |
| Format: | Aufsatz |
| Sprache: | Englisch |
X
alg: 49601705
001A $03025:27-06-22
001B $03025:26-11-24 $t14:18:02.000
001D $03025:27-06-22
001U $0utf8
001X $00
002@ $0Aou
002C $aText $btxt $2rdacontent
002D $aohne Hilfsmittel zu benutzen $bn $2rdamedia
002E $aBand $bnc $2rdacarrier
003@ $0496017055
007A $0496017055 $aHEB
010@ $aeng
010E $erda
011@ $a2020
021A $aMusical Afterthoughts on Shmeruk's "Mayufes" $hBret Werb
028A $BVerfasser $4aut $71024899063 $8Werb, Bret [Tp3] $9306549395
031A $d32 $h63-82 $j2020
039B $aEnthalten in $8--Abvc--. Polin. - Oxford {[u.a.] : Littman Library of Jewish Civilization, 1986-. - ISSN 0268-1056 $x202000000320000937 $9048122645
044K $#שמרוק, חנא בן אביגדו $#Шмерук, Хоне $#Shmeruḳ, Ḥone $#Shmeruḳ, H.̣ $#Šmerûq, Ḥānâ $#Szmeruk, Chone $#Šmerûq, Ḥ. $#Šmeruq, Hone $#Šmeruq, Chone $#Shmeruk, C. $#Shmeruk, Ch. $#Shmeruk, Chone $#Shmeruk, H. $#Shmeruk, Hana $#Shmeruk, Hone $#Shmeruk, Kh. $#Šmeruk, Ḥānâ $#ŠMRWQ, Ḥ. $#ŠMRWQ, Chone $#Shmeruk, Khone $#Šmerûq, Ḥanna $#Shmeruḳ, Ḥone $#Szmeruḳ, Chone $#Shmeruḳ, Ḥana ben Avigdor $#שמערוק, חנא $7120699192 $8Shmeruḳ, Khone$Z1921-1997 [Tp3] $9087977915
044K $RJudentum $RIsraeliten $RStämme Israels $#Jude $74028808-0 $8Juden [Ts1] $9085075922
044K $#Music $#Musique $#Musica $#music $#Music $#Musik $#Musik $74040802-4 $8Musik [Tsz] $9085111635
044K $RPolen-Litauen $RKongresspolen $RWestgalizien $RStaat Krakau $#Generalgouvernement Polen $#Polska $#Rzeczpospolita Polska $#Polska Rzeczpospolita Ludowa $#Poland $#Pologne $#République Polonaise $#Generalne Gubernatorstwo w Polsce $#Polish People's Republic $#Polska Rzeczpospolita Polen $#PRL $#RP $#Polen Generalgouvernement $#Polska Generalgouvernement $#Besetzte Polnische Gebiete $#Besetztes Gebiet in Polen $#Okupowane Polskie Obszary $#Obszary Okupowane w Polsce $#Volksrepublik Polen $#Polska Rosyjska $#Republic Polen $#Respublika Pol'ša $#Pol'skaja Narodnaja Respublika $#République de Pologne $#Polen Links der Weichsel $#Polska po Lewej Stronie Wisły $#Lenkija $#Polija $#Gubernija Carstva Pol'skago $#Republik Polen $74046496-9 $8Polen [Tg1] $9085129801
045F $a909.0492409438 $eDDC23BSB
045F/01 $a909.04924
045F/03 $g438
045T $a7,41
045T $aJUDAICA $qDE-30 $2FID
lok: 49601705 78
exp: 49601705 78 1 #EPN
201B/01 $026-11-24 $t14:16:49.000
201C/01 $027-06-22
201U/01 $0utf8
203@/01 $01203776411
208@/01 $a27-06-22 $be
209A/01 $a/ $f000 $x00
209A/01 $ab*p $x01
220C/01 $aeja
244Z/01 $#Generalgouvernement Polen $#Polska $#Rzeczpospolita Polska $#Polska Rzeczpospolita Ludowa $#Poland $#Pologne $#République Polonaise $#Generalne Gubernatorstwo w Polsce $#Polish People's Republic $#Polska Rzeczpospolita Polen $#PRL $#RP $#Polen Generalgouvernement $#Polska Generalgouvernement $#Besetzte Polnische Gebiete $#Besetztes Gebiet in Polen $#Okupowane Polskie Obszary $#Obszary Okupowane w Polsce $#Volksrepublik Polen $#Polska Rosyjska $#Republic Polen $#Respublika Pol'ša $#Pol'skaja Narodnaja Respublika $#République de Pologne $#Polen Links der Weichsel $#Polska po Lewej Stronie Wisły $#Lenkija $#Polija $#Gubernija Carstva Pol'skago $#Republik Polen $74046496-9 $8--Tg1--Polen $x01 $9085129801
247C/01 $82080>Marburg/Lahn, Herder-Institut, Forschungsbibliothek, Bibliographieportal $9336309341
| LEADER | 00000caa a2200000 c 4500 | ||
|---|---|---|---|
| 001 | 496017055 | ||
| 003 | DE-603 | ||
| 005 | 20241126141802.0 | ||
| 007 | tu | ||
| 008 | 220627s2020 xx |||| | u00||u|eng c | ||
| 035 | |a (DE-599)HEB496017055 | ||
| 040 | |a DE-603 |b ger |c DE-603 |d DE-603 |e rda | ||
| 041 | |a eng | ||
| 082 | 0 | 4 | |8 1\u |a 909.0492409438 |q DE-101 |2 23/BSB |
| 084 | |a 7,41 |2 ssgn | ||
| 084 | |a JUDAICA |q DE-30 |2 fid | ||
| 085 | |8 1\u |b 909.04924 | ||
| 085 | |8 1\u |z 2 |s 438 | ||
| 100 | 1 | |a Werb, Bret |e Verfasser |4 aut |0 (DE-603)306549395 |0 (DE-588)1024899063 |2 gnd | |
| 245 | 0 | 0 | |a Musical Afterthoughts on Shmeruk's "Mayufes" |c Bret Werb |
| 264 | 0 | |c 2020 | |
| 336 | |a Text |b txt |2 rdacontent | ||
| 337 | |a ohne Hilfsmittel zu benutzen |b n |2 rdamedia | ||
| 338 | |a Band |b nc |2 rdacarrier | ||
| 600 | 1 | 7 | |a Shmeruḳ, Khone |d 1921-1997 |0 (DE-588)120699192 |0 (DE-603)087977915 |2 gnd |
| 650 | 7 | |a Juden |0 (DE-588)4028808-0 |0 (DE-603)085075922 |2 gnd | |
| 650 | 7 | |a Musik |0 (DE-588)4040802-4 |0 (DE-603)085111635 |2 gnd | |
| 651 | 7 | |a Polen |0 (DE-588)4046496-9 |0 (DE-603)085129801 |2 gnd | |
| 773 | 0 | 8 | |i Enthalten in |t Polin |d Oxford [u.a.] : Littman Library of Jewish Civilization, 1986- |x 0268-1056 |g Band 32 (2020), Seite 63-82 |w (DE-603)048122645 |w (DE-600)896392-7 |
| 924 | 0 | |9 2080 |a (DE-603)1203776411 |b DE-2080 |c HES |d d |g / | |


